书目信息 |
| 题名: |
航空母舰全知识
|
|
| 作者: | 赵渊 主编 | |
| 分册: | ||
| 出版信息: | 北京 化学工业出版社 2013.01 |
|
| 页数: | 153页 | |
| 开本: | 24cm | |
| 丛书名: | 军事大视野丛书 | |
| 单 册: | ||
| 中图分类: | E925.671 | |
| 科图分类: | ||
| 主题词: | 航空母舰--介绍--世界 , 航空母舰 | |
| 电子资源: | ||
| ISBN: | 978-7-122-16056-0 | |
| 000 | 00900oam2 2200277 450 | |
| 001 | 010700146261 | |
| 005 | 20130504153134.73 | |
| 010 | @a978-7-122-16056-0@dCNY39.80 | |
| 100 | @a20130325d2013 demy0chiy50 ea | |
| 101 | 0 | @achi |
| 102 | @aCN@b110000 | |
| 105 | @aak z 000yy | |
| 106 | @ar | |
| 200 | 1 | @a航空母舰全知识@9hang kong mu jian quan zhi shi@f赵渊主编 |
| 210 | @a北京@c化学工业出版社@d2013.01 | |
| 215 | @a153页@c图@d24cm | |
| 225 | 2 | @a军事大视野丛书 |
| 330 | @a本书详细介绍了世界上8个国家近50种航空母舰的各种数据资料,讲解了关于各种航空母舰的种种历史经历、主要参数、主要服役情况和趣闻轶事。 | |
| 333 | @a可供军事爱好者、广大青少年读者鉴赏 | |
| 461 | 0 | @12001 @a军事大视野丛书 |
| 606 | 0 | @a航空母舰@x介绍@y世界 |
| 606 | 0 | @a航空母舰 |
| 690 | @aE925.671@v5 | |
| 701 | 0 | @a赵渊@9zhao yuan@4主编 |
| 801 | 0 | @aCN@b人天书店@c20130325 |
| 905 | @b542756-60@dE925.671@e29@f5 | |
| 航空母舰全知识/赵渊主编.-北京:化学工业出版社,2013.01 |
| 153页:图;24cm.-(军事大视野丛书) |
| 使用对象:可供军事爱好者、广大青少年读者鉴赏 |
| ISBN 978-7-122-16056-0:CNY39.80 |
| 本书详细介绍了世界上8个国家近50种航空母舰的各种数据资料,讲解了关于各种航空母舰的种种历史经历、主要参数、主要服役情况和趣闻轶事。 |
| ● |
| 相关链接 |
|
|
|
|
正题名:航空母舰全知识
索取号:E925.671/29
 
预约/预借
| 序号 | 登录号 | 条形码 | 馆藏地/架位号 | 状态 | 备注 |
| 1 | 542756 | 205427563 | 第一样本阅览室/ [索取号:E925.671/29] | 在馆 | |
| 2 | 542757 | 205427572 | 第一借阅区/ [索取号:E925.671/29] | 在馆 | |
| 3 | 542758 | 205427581 | 第一借阅区/ [索取号:E925.671/29] | 在馆 | |
| 4 | 542759 | 205427590 | 第一借阅区/ [索取号:E925.671/29] | 在馆 | |
| 5 | 542760 | 205427607 | 第一借阅区/ [索取号:E925.671/29] | 在馆 |